书目信息 |
| 题名: |
与野生动物共舞
|
|
| 作者: | 裴家骐 著 | |
| 分册: | ||
| 出版信息: | 桂林 广西师范大学出版社 2003 |
|
| 页数: | 210页 | |
| 开本: | 21×19cm | |
| 丛书名: | 新High发现之旅 | |
| 单 册: | ||
| 中图分类: | S863 | |
| 科图分类: | ||
| 主题词: | 野生动物--珍稀动物保护--台湾省 , 野生动物 , 珍稀动物保护 | |
| 电子资源: | ||
| ISBN: | 7-5633-4157-9 | |
| 000 | 00915oam2 2200277 450 | |
| 001 | 1567776901 | |
| 005 | 20150130184956.48 | |
| 010 | @a7-5633-4157-9@dCNY28.00 | |
| 100 | @a20031117d2003 em y0chiy50 ea | |
| 101 | 0 | @achi |
| 102 | @aCN@b450000 | |
| 105 | @aa z 000yy | |
| 200 | 1 | @a与野生动物共舞@9yu ye sheng dong wu gong wu@f裴家骐著 |
| 210 | @a桂林@c广西师范大学出版社@d2003 | |
| 215 | @a210页@c图@d21×19cm | |
| 225 | 2 | @a新High发现之旅 |
| 305 | @a幼狮文化事业股份有限公司授权 | |
| 330 | @a本书结合多幅彩图,介绍了野生动物在台湾的悲喜遭际,考察了生息于台湾的各类野生动物的现状与历史,探讨了人类应该以怎样的态度与野生动物共处。 | |
| 461 | 0 | @12001 @a新High发现之旅 |
| 606 | 0 | @a野生动物@x珍稀动物保护@y台湾省 |
| 606 | 0 | @a野生动物 |
| 606 | 0 | @a珍稀动物保护 |
| 690 | @aS863@v5 | |
| 701 | 0 | @a裴家骐@9pei jia qi@c(野生动物学)@4著 |
| 801 | 0 | @aCN@bTSSF@c20150130 |
| 905 | @aZUCC@dS863@eJY63 | |
| 与野生动物共舞/裴家骐著.-桂林:广西师范大学出版社,2003 |
| 210页:图;21×19cm.-(新High发现之旅) |
| ISBN 7-5633-4157-9:CNY28.00 |
| 本书结合多幅彩图,介绍了野生动物在台湾的悲喜遭际,考察了生息于台湾的各类野生动物的现状与历史,探讨了人类应该以怎样的态度与野生动物共处。 |
| ● |
| 相关链接 |
|
|
|
|
正题名:与野生动物共舞
索取号:S863/JY63
 
预约/预借
| 序号 | 登录号 | 条形码 | 馆藏地/架位号 | 状态 | 备注 |
| 1 | 7862941 | 278629414 | 学院路分馆/ [索取号:S863/JY63] | 在馆 | |
| 2 | 7862942 | 278629423 | 学院路分馆/ [索取号:S863/JY63] | 在馆 |